000 00259nam a2200121Ia 4500
100 _aRiggs/J.L
942 _cBK
654 _aproduction
245 _aProduction system
260 _bWILEY EASTERN LIMITED
_aNew Delhi
_c1984
546 _aENGLISH
999 _c32776
_d32776